| 000 | 01159cam a22003137a 4500 | ||
|---|---|---|---|
| 999 |
_c24305 _d24305 |
||
| 001 | 16177953 | ||
| 003 | OSt | ||
| 005 | 20170128105537.0 | ||
| 008 | 100408s2010 enka b 001 0 eng | ||
| 010 | _a 2010926443 | ||
| 015 |
_aGBB073450 _2bnb |
||
| 016 | 7 |
_a015578716 _2Uk |
|
| 020 | _a9781848220485 (hbk.) | ||
| 020 | _a1848220480 (hbk.) | ||
| 035 | _a(OCoLC)ocn642289068 | ||
| 040 |
_aUKM _cUKM _dERASA _dYDXCP _dBWK _dCDX _dDNU _dBWX _dCLU _dIUL _dDLC |
||
| 042 | _alccopycat | ||
| 050 | 0 | 0 |
_aN6797.M43 _bL36 2010 |
| 082 | 0 | 4 |
_a709.2 _222 |
| 100 | 1 |
_aLambirth, Andrew, _d1959- |
|
| 245 | 1 | 0 |
_aMargaret Mellis / _cAndrew Lambirth. |
| 260 |
_aFarnham, UK ; _aBurlington, VT : _bLund Humphries, _c2010. |
||
| 300 |
_a192 p. : _bill. (chiefly col.) ; _c28 cm. |
||
| 504 | _aIncludes bibliographical references (p. 187) and index. | ||
| 600 | 1 | 0 |
_aMellis, Margaret _xCriticism and interpretation. |
| 700 | 1 | _aMellis, Margaret. | |
| 906 |
_a7 _bcbc _ccopycat _d2 _encip _f20 _gy-gencatlg |
||
| 942 |
_2lcc _cBOOKS _hN 6797 .M43L36 2010 |
||